| 000 | 00342nam a2200121 a 4500 | ||
|---|---|---|---|
| 005 | 20141022142004.0 | ||
| 008 | 080915s19uu xx 00 eng d | ||
| 050 |
_aVCD _bB74 2004 |
||
| 245 | _aBreastfeeding & family planning: method goals vital decisions. | ||
| 650 | _aVCD NURSING | ||
| 650 | _aMethod goals vital decisions. | ||
| 942 | _cAVM | ||
| 999 |
_c276421 _d276421 |
||